00410nam a2200157Ia 4500008004100000020000700041082001500048100002400063245002500087250000700112260003500119300003400154500000700188600003300195650002400228240925s9999 xx 000 0 und d aNA a796.44 CON aConstantine, Learie 0aCricketer's Carnival aNA aLondon:bStanley Paul & CocNA aVarious pagesbN.AfPhotocopy aNA aHumanities & Natural Science aArts and Recreation